Dictionnaire du jazz

Salvato in:
Dettagli Bibliografici
Autore principale: Ténot, Frank (Autore)
Natura: Libro
Lingua:francese
Pubblicazione: París Larousse 1967
Serie:Les Dictionnaires de l'homme du XX§ siécle
Soggetti:
Tags: Aggiungi Tag
Nessun Tag, puoi essere il primo ad aggiungerne!!

MARC

LEADER 00000nam a2200000 a 4500
001 UCN3254
003 CL-VaPUC
008 010622e19670000FR |||||||||||||||||fre|d
082 0 4 |a 781.6503  |b TEN  |2 21 
100 0 |a Ténot, Frank  |e author  |9 459730 
245 1 0 |a Dictionnaire du jazz 
300 |a 255 p 
942 |c BK 
945 |d 20010622 00:00:00  |a crobeson 
260 |a París  |b Larousse  |c 1967 
650 0 |a Jazz  |9 350487 
650 0 |a Música   |9 306770 
650 0 |a Música, siglo 20  |9 324961 
583 |a last modification  |c 20010622 00:00:00  |k Rodrigo Vera 
490 0 |a Les Dictionnaires de l'homme du XX§ siécle 
999 |c 296179  |d 296177 
952 |0 0  |1 0  |4 0  |6 781_650300000000000_TEN_1967  |7 0  |8 A  |9 349795  |a BIBEDU  |b BIBEDU  |d 2019-11-20  |i 3202615  |o 781.6503 TEN 1967  |p 3202615  |r 2023-01-12  |w 2019-11-20  |y BK  |k MUS